000
00276nam a22001217a 4500
008
181107b xxu||||| |||| 00| 0 eng d
041
_a
eng
080
_a
101
100
_a
23
101
_a
fil
245
_a
Problems In Philosophical Inquity
_c
Julius.R.W
942
_2
udc
_c
BK
999
_c
52175
_d
52175